000 00441cam a2200181ua 4500
020 _c36.00
041 _aeng
_h
082 _a028.7005
_bHOL/VE
100 _aHoltz, Matthew .
245 _aVentura instant reference /
_cMatthew Holtz.
_hTextual Documents
250 _a1 /
_b.
260 _aNew Delhi :
_bB P B Publishers ,
_c1989.
300 _a318 ; .
365 _a36.00
504 _a
942 _cBK
999 _c8944
_d8944